• 首页
  • 本馆介绍
  • 公告通知
  • 最新文献
  • 馆藏检索
  • 电子资源
  • 读者导购
  • 参考咨询
  • 我的图书馆
  • 登录
  • 详细信息显示
  • 放入我的书架
  • 预约/预借图书
  • 作者相关作品
  • 分类相关作品
  • 丛书相关作品
  • 出版社相关作品

书目信息

  • 表格格式
  • 工作单格式
  • 卡片格式
题名:
钢筋工
    
 
作者: 刘志国 主编
分册:   高级工 技师
出版信息: 北京   中国环境出版集团  2015.10
页数: 102页
开本: 21cm
丛书名:
单 册:
中图分类: TU755.3
科图分类:
主题词: 建筑工程--钢筋--工程施工--技术培训--教材
电子资源:
ISBN: 978-7-5111-2559-0
000 00899nam0 2200265 450
001 012024002672
005 20240402082539.0
010    @a978-7-5111-2559-0@d10.50
035    @a008132947
100    @a20240402e20162015em y0chiy50 ea
101 0  @achi
102    @aCN@b110000
105    @aa z 000yy
106    @ar
200 1  @a钢筋工@9gang jin gong@i高级工 技师@b专著@f刘志国主编
210    @a北京@c中国环境出版集团@d2015.10@h2016.04重印
215    @a102页@c图@d21cm
300    @a建筑工人职业技能培训系列教材
330    @a本书内容包括钢筋工的基本知识,钢筋的配料、钢筋的加工、钢筋的连接、钢筋的安装、预应力钢筋工程、钢筋工岗位安全技术等。
333    @a建筑工程相关人员
606 0  @a建筑工程@x钢筋@x工程施工@x技术培训@j教材
690    @aTU755.3@v5
701  0 @a刘志国@9liu zhi guo@c(建筑)@4主编
801  0 @aCN@bNLC@c20240402
905    @f101@dTU755.3@b21524206-55,29-68,02-11,36@e2264
    
    钢筋工.高级工 技师/刘志国主编.-北京:中国环境出版集团,2015.10(2016.04重印)
    102页:图;21cm
    建筑工人职业技能培训系列教材.-使用对象:建筑工程相关人员
    
    ISBN 978-7-5111-2559-0:10.50
    本书内容包括钢筋工的基本知识,钢筋的配料、钢筋的加工、钢筋的连接、钢筋的安装、预应力钢筋工程、钢筋工岗位安全技术等。
●
相关链接 在E读中查询图书 在五车中查询图书 在当当中查询图书 在豆瓣中查询图书


正题名:钢筋工     索取号:TU755.3/2264         预约/预借

序号 登录号 条形码 馆藏地/架位号 状态 备注
1 1524223   215242235   第三借阅区/ [索取号:TU755.3/2264] 在馆    
2 1524224   215242244   第三借阅区/ [索取号:TU755.3/2264] 在馆    
3 1524225   215242253   第三借阅区/ [索取号:TU755.3/2264] 在馆    
4 1524226   215242262   第三借阅区/ [索取号:TU755.3/2264] 在馆    
5 1526202   215262025   不外借—密集书库/ [索取号:TU755.3/2264] 在馆    
6 1526203   215262034   不外借—密集书库/ [索取号:TU755.3/2264] 在馆    
7 1526204   215262043   不外借—密集书库/ [索取号:TU755.3/2264] 在馆    
8 1526205   215262052   不外借—密集书库/ [索取号:TU755.3/2264] 在馆    
9 1526206   215262061   不外借—密集书库/ [索取号:TU755.3/2264] 在馆    
10 1526207   215262070   不外借—密集书库/ [索取号:TU755.3/2264] 在馆    
11 1526208   215262089   不外借—密集书库/ [索取号:TU755.3/2264] 在馆    
12 1526209   215262098   不外借—密集书库/ [索取号:TU755.3/2264] 在馆    
13 1526210   215262105   不外借—密集书库/ [索取号:TU755.3/2264] 在馆    
14 1526211   215262114   不外借—密集书库/ [索取号:TU755.3/2264] 在馆    
15 1551936   215519366   不外借—密集书库/ [索取号:TU755.3/2264] 在馆    
欢迎您!
大连网信软件有限公司© 版权所有